Score 0/25 Timer 15:00
0 Plays Today
% Correct
Lord Of The Rings
73.9%
Seinfeld
73.9%
Lord Of The Rings
65.2%
James Bond Movies
56.5%
Jurassic Park
52.2%
Cheers
52.2%
Up
52.2%
Jaws
52.2%
Thor
43.5%
Wicked
39.1%
Friends
39.1%
Saturday Night Live
39.1%
The Lego Movie
34.8%
% Correct
The Aristocats
30.4%
Who Framed Roger Rabbit
30.4%
Pet Sematary
26.1%
Saturday Night Live
26.1%
Anchorman
26.1%
Law & Order
17.4%
Demolition Man
17.4%
The Rescuers
13%
It's A Wonderful Life
13%
Dinosaurs
8.7%
The Lost Boys
8.7%
Power Rangers SPD
8.7%

You're not logged in!

Compare scores with friends on all Sporcle quizzes.
OR
Log In

Sporcle TV

Today on Sporcle TV


Watch our educational content, quiz creation guides, and fun videos on Sporcle TV.

Show Comments

Extras

Top Quizzes Today


Score Distribution

Paid Content

Your Account Isn't Verified!

In order to create a playlist on Sporcle, you need to verify the email address you used during registration. Go to your Sporcle Settings to finish the process.

Report this User

Report this user for behavior that violates our Community Guidelines.

Details: